Ustat Hayri Tumer'in nay ufleme metodi (Запис номер 35247)
[ съкратено ]
| 000 -Лидер | |
|---|---|
| Контролно поле с фиксирана дължина | 01850nam a2200481 c 4500 |
| 003 - Код на организацията, давaща контролен номер | |
| Контролно поле | BLK |
| 005 - Дата и час на последна редакция | |
| Контролно поле | 20180420220820.0 |
| 008 - Елементи от данни с фиксирана дължина | |
| fixed length control field | 180408b bul|||||r ||||||| ||bul|| |
| 010 ## - Наследен системен номер | |
| LC control number | KNG00037976000 |
| 020 ## - Международен стандартен номер на книга ISBN | |
| Международен стандартен номер на книга ISBN | 975-17-2035-4 |
| -- | издат.: Kultur Bakanligi |
| 040 ## - Източник на каталожния запис | |
| Идентификатор на билиотеката - собственик на записа | BLK |
| 041 ## - Код за език | |
| Код за езика на текст/звукозапис или на отделно заглавие | Турски |
| Код за езика КДБФ | Други |
| 072 #7 - Код за тематичната категория | |
| Код организация | bullib |
| Код за тематична категория | Н70 |
| Текст | Изкуства Н |
| 080 ## - УДК | |
| Текстов определител УДК | Флейта |
| УДК код - определител по УДК | 788.5 |
| УДК определител | .087.5 |
| УДК - код + определител | 788.5.087.5 |
| 080 ## - УДК | |
| Текстов определител УДК | Музикални изпълнители (инструменталисти, певци), интерпретатори, диригенти |
| УДК код - определител по УДК | 78.071.2 |
| УДК определител | (560)(092) |
| УДК - код + определител | 78.071.2(560)(092) |
| 080 ## - УДК | |
| Текстов определител УДК | Турски музикант |
| УДК код - определител по УДК | 929 Тюмер, Хайри |
| УДК определител | |
| УДК - код + определител | 929 Тюмер, Хайри |
| 139 ## - Редно поле | |
| Редна дума | Ustat Hayri Tumer'in nay ufleme metodi |
| Авторски знак | Ust - U 91 |
| 245 10 - Сведения за заглавието | |
| Заглавие | Ustat Hayri Tumer'in nay ufleme metodi |
| Редно поле (дума) | hazirlayan Feyzi Halici. |
| 257 ## - Страна на издаване | |
| Страна на създаване/издаване | Турция |
| 260 ## - Област на издателските данни | |
| -- | Ankara |
| Име на издателя, разпространителя и проч. | Kultur Bakanligi |
| Година на издаване | 1998 |
| 300 ## - Физическа характеристика | |
| Страници | 70 p. |
| Илюстрации и др. | tabl. |
| Размери/Мащаб | 19 cm |
| 380 ## - Жанр | |
| Жанр | Изкуство |
| 490 1# - СЕРИИ (Колекции) | |
| Име на серия | Kultur Bakanligi yayinlari |
| №: серия | 2123 |
| 490 1# - СЕРИИ (Колекции) | |
| -- | Подсерия |
| Име на серия | Yayimlar Dairesi Baskanligi Sanat - Muzik Eserlery Dizisi |
| №: серия | 176-5 |
| 500 ## - Общи забележки | |
| Забележка | Съдържа и за състав. - Речник. |
| 600 14 - Име на лице, използвано като предмет | |
| За него / За нея | Тюмер, Хайри |
| 9 (RLIN) | 223933 |
| 650 #4 - Допълнително описание по предмет – тема | |
| Основно описание – тема или топоним | Тюмер, Хайри |
| 9 (RLIN) | 223933 |
| 650 #4 - Допълнително описание по предмет – тема | |
| Основно описание – тема или топоним | Изпълнителско изкуство |
| 9 (RLIN) | 267714 |
| 650 #4 - Допълнително описание по предмет – тема | |
| Основно описание – тема или топоним | Най - техника на свиренето |
| 9 (RLIN) | 163183 |
| 650 #4 - Допълнително описание по предмет – тема | |
| Основно описание – тема или топоним | Музиканти, турски |
| 9 (RLIN) | 274171 |
| 651 #4 - Допълнително описание по предмет - топоним | |
| Географско понятие | Турция |
| 9 (RLIN) | 179691 |
| 653 ## - Ключова дума – ненормативна | |
| Ключова дума | най |
| 653 ## - Ключова дума – ненормативна | |
| Ключова дума | флейта |
| 653 ## - Ключова дума – ненормативна | |
| Ключова дума | Хайри Тюмер |
| 653 ## - Ключова дума – ненормативна | |
| Ключова дума | техника на свиренето |
| 659 ## - Тематичен бюлетин | |
| Тематичен бюлетин | Н |
| 700 1# - Други автори (авторска отговорност) | |
| Лично име | Halici, Feyzi |
| Автороска отговорност (Описва отношението между автора и произведението) | hazirlayan |
| 9 (RLIN) | 12232 |
| 852 ## - Местоположение | |
| Форматна сигнатура | Цб 256185 |
| 856 4# - Електронен адрес и достъп | |
| Електронен формат | pdf - файл |
| Път до файла /url/ | |
| 856 4# - Електронен адрес и достъп | |
| Електронен формат | pdf - файл |
| Път до файла /url/ | |
| 942 ## - АРТИКУЛИ | |
| Вид на библиотечния материал | Книги |
| Скрит в OPAC | Не |
| 944 ## - СЪЗДАВАНЕ И РЕДАКЦИЯ на ЗАПИСА | |
| Създаване/Редакция | Създаване |
| Дата на регистрацията/редакция | 15.01.2003 |
| Статус, дата на статуса | ф / |
| Служител, извършил регистрацията/редакцията | Людмила_Стоянова |
| 944 ## - СЪЗДАВАНЕ И РЕДАКЦИЯ на ЗАПИСА | |
| Създаване/Редакция | Редакция |
| Дата на регистрацията/редакция | 16.09.2013 |
| Статус, дата на статуса | ф / |
| Служител, извършил регистрацията/редакцията | |
| 999 ## - СИСТЕМНИ КОНТРОЛНИ НОМЕРА | |
| Koha biblionumber | 35247 |
| Koha biblioitemnumber | 35247 |
| Код за отписване | Код за изгубен артикул | Източник на класификационната схема | Код за повреда | Коз за рестрикции | Код за отдаване | Артикулен № | Име на библиотеката - собственик | Име на библиотеката, в която се намира в момента | Статус (Текущо местоположение) | Дата на вписване в системата | Местоположение - отдел | Цена в лева | Инвентарен номер | Систематично азбучна сигнатура | Баркод | Номер на екземпляра | Цена в евро | Служебна бележка | Служебен тип на артикула |
|---|---|---|---|---|---|---|---|---|---|---|---|---|---|---|---|---|---|---|---|
| Не е изгубен | Universal Decimal Classification | Не е повреден | без рестрикции | заемане за дома | 55778 | Регионална библиотека "Любен Каравелов" Русе | Регионална библиотека "Любен Каравелов" Русе | Отдел Изкуство - подръчен фонд | 2012-09-10 | Отдел Изкуство - подръчен фонд | 5.00 | 120000759680 | 788/T 92 | 120000759680 | 1 | 2.56 | Дост: DA Вид: А N: 18 Дата: 03.09.2012 | Книги |